The dwellings of the labouring classes (Record no. 114028)
[ view plain ]
| 000 -LEADER | |
|---|---|
| fixed length control field | 01137cam a22001935a 4500 |
| 001 - CONTROL NUMBER | |
| control field | L156098 |
| 008 - FIXED-LENGTH DATA ELEMENTS--GENERAL INFORMATION | |
| fixed length control field | 120430s1853 xxk f 000 0 eng d |
| 035 ## - SYSTEM CONTROL NUMBER | |
| System control number | (Sirsi) u156098 |
| 041 0# - LANGUAGE CODE | |
| Language code of text/sound track or separate title | eng |
| 100 1# - MAIN ENTRY--PERSONAL NAME | |
| Personal name | Roberts, Henry |
| Dates associated with a name | 1803-1876 |
| 245 04 - TITLE STATEMENT | |
| Title | The dwellings of the labouring classes |
| Remainder of title | their arrangement and construction : illustrated by a reference to the model houses of the Society for improving the condition of the labouring classes, with other buildings recently erected : and an appendix, containing H.R.H. Prince Albert's exhibition model houses, Hyde Park, 1851, the model cottages &c. built by the Windsor Royal Society : with plans and elevations of dwellings adapted to towns, as well as to agricultural and manufacturing districts |
| 250 ## - EDITION STATEMENT | |
| Edition statement | 3rd ed. |
| 260 ## - PUBLICATION, DISTRIBUTION, ETC. | |
| Place of publication, distribution, etc. | London |
| Name of publisher, distributor, etc. | Published by request and sold for the benefit of the Society for improving the condition of the labouring classes ... also by Seeleys |
| Date of publication, distribution, etc. | 1853 |
| 300 ## - PHYSICAL DESCRIPTION | |
| Extent | 65, [36] p. |
| Other physical details | ill., plans |
| Dimensions | 28 cm. |
| 583 ## - ACTION NOTE | |
| Action | Condition reviewed |
| Time/date of action | 20120620 |
| Status | condition level 4 |
| 651 #4 - SUBJECT ADDED ENTRY--GEOGRAPHIC NAME | |
| Geographic name | Great Britain |
| Chronological subdivision | 1707- |
| 690 ## - LOCAL SUBJECT ADDED ENTRY--TOPICAL TERM (OCLC, RLIN) | |
| Topical term or geographic name as entry element | Residential property |
| 9 (RLIN) | 6266 |
| 942 ## - ADDED ENTRY ELEMENTS (KOHA) | |
| Suppress in OPAC | 0 |
| Withdrawn status | Lost status | Damaged status | Not for loan | Home library | Current library | Shelving location | Date acquired | Total Checkouts | Full call number | Barcode | Date last seen | Copy number | Price effective from | Koha item type |
|---|---|---|---|---|---|---|---|---|---|---|---|---|---|---|
| Historic collection | Historic collection | Historic collection | 30/04/2012 | INFRASTRUCTURE QUARTO 1853 ROBERTS | 30078031 | 27/08/2025 | 1 | 06/08/2019 | Book |